| 000 | 01159nam a22001817a 4500 | ||
|---|---|---|---|
| 999 |
_c61873 _d61873 |
||
| 005 | 20240531154358.0 | ||
| 008 | 240531s1992 ge ||||| |||| 00| 0 geo d | ||
| 080 | _a61.89(479.22) ბ-14 | ||
| 100 |
_aბაგრატიონი, დავით _922265 |
||
| 245 |
_aიადიგარ დაუდი / _cდავით ბაგრატიონი; [გამოსაც. მოამზადეს: იოსებ ქურჩიშვილმა და ბენიამინ ქურჩიშვილმა; რედ.: კ. დანელია]. |
||
| 264 |
_aთბ. : _bთბილ. უნ-ტის გამ-ბა, _c1992. |
||
| 300 |
_a782 გვ. ; _b20 სმ. |
||
| 653 | _aქართული ხალხური მედიცინა | ||
| 700 |
_aქურჩიშვილი, იოსებ _eგამოსაცემად მოამზადა _922266 |
||
| 700 |
_aქურჩიშვილი, ბენიამინ _eგამოსაცემად მოამზადა _922267 |
||
| 700 |
_aდანელია, კ. _eრედაქტორი _97767 |
||
| 942 |
_2udc _cᲬᲘᲒᲜᲘ |
||